000 01108nam a22003497a 4500
003 CHAP
005 20220329133451.0
008 971013s1992 enk r 00010 eng d
010 _a6685
011 _a7657
035 _a6881
040 _cCHAP
082 0 4 _a631.42
_bK4 1992
100 0 0 _aKennedy, I. R.
_963038
245 1 _aAcid soil and acid rain
250 _a2 ed.
260 _aTaunton :
_bResearch studies,
_c1992
300 _a254 p.
490 0 _aResearch studies in botany and related applied fields
_v; 12
590 _aBATCH-UPD
_b10
_c20130110
_lUCH01
_h1850
590 _aBATCH-UPD
_b10
_c20130410
_lUCH01
_h1220
590 _aBATCH-UPD
_b10
_c20130914
_lUCH01
_h0512
590 _aCONVERSION
_b10
_c20130109
_lUCH01
_h1305
650 1 4 _aAzufre.
_99205
650 1 4 _aLluvia ácida.
_967347
650 1 4 _aNitrógeno
_xCiclo del.
_981400
650 1 4 _aSuelos
_xAcidez.
_9110192
830 0 _aResearch studies in botany and related applied fields
_v; 12
_996086
901 _aBK
942 _cLIBRO
949 _a631.42 K4 1992
_bBC
_cLIBRO
_d33724000068599
_eLIBRO
_gI.169251
_h84874
_i6881
_si
_t387.00
999 _c6685
_d6685